Focus on the German commercial property market (Record no. 69927)
[ view plain ]
| 000 -LEADER | |
|---|---|
| fixed length control field | 01227cam a2200277 4500 |
| 001 - CONTROL NUMBER | |
| control field | ABS65254 |
| 008 - FIXED-LENGTH DATA ELEMENTS--GENERAL INFORMATION | |
| fixed length control field | 020405n2002 000 0 eng u |
| 035 ## - SYSTEM CONTROL NUMBER | |
| System control number | (Sirsi) u117374 |
| 100 ## - MAIN ENTRY--PERSONAL NAME | |
| Personal name | Khatri, M. |
| 245 ## - TITLE STATEMENT | |
| Title | Focus on the German commercial property market |
| 260 ## - PUBLICATION, DISTRIBUTION, ETC. | |
| Date of publication, distribution, etc. | 2002 |
| 490 ## - SERIES STATEMENT | |
| Series statement | RICS European Alert |
| Volume/sequential designation | March 2002, 6(1) |
| 520 ## - SUMMARY, ETC. | |
| Summary, etc. | The German economy only grew 0.6% in 2001 compared to 3.0 in 2000, the worst performance since 1993. Real rental growth in the office and industrial markets slowed considerably, while the retail sector bucked the national downturn. Research from Jones Lang Lasalle shows that occupier demand for office space fell markedly by approximately 12% in 2001. Industrial rents were hit by the technology slowdown and the market saw orders shrink more than 7% from a peak in late 2000. |
| 590 ## - LOCAL NOTE (RLIN) | |
| Local note | ABS |
| 650 ## - SUBJECT ADDED ENTRY--TOPICAL TERM | |
| Topical term or geographic name entry element | PROPERTY-COMMERCIAL PROPERTY-COMMERCIAL PROPERTY MARKET |
| 650 ## - SUBJECT ADDED ENTRY--TOPICAL TERM | |
| Topical term or geographic name entry element | PROPERTY-COMMERCIAL PROPERTY-RETAIL PROPERTY-RETAIL PROPERTY MARKET |
| 650 ## - SUBJECT ADDED ENTRY--TOPICAL TERM | |
| Topical term or geographic name entry element | INDUSTRIAL MARKET |
| 650 ## - SUBJECT ADDED ENTRY--TOPICAL TERM | |
| Topical term or geographic name entry element | OFFICE SPACE |
| 650 ## - SUBJECT ADDED ENTRY--TOPICAL TERM | |
| Topical term or geographic name entry element | OCCUPIERS |
| 650 ## - SUBJECT ADDED ENTRY--TOPICAL TERM | |
| Topical term or geographic name entry element | GERMANY |
| 650 ## - SUBJECT ADDED ENTRY--TOPICAL TERM | |
| Topical term or geographic name entry element | ECONOMY |
| 690 ## - LOCAL SUBJECT ADDED ENTRY--TOPICAL TERM (OCLC, RLIN) | |
| Topical term or geographic name as entry element | EUROPE |
| 700 ## - ADDED ENTRY--PERSONAL NAME | |
| Personal name | Hicks, F. |
| 700 ## - ADDED ENTRY--PERSONAL NAME | |
| Personal name | Emmett, R. |
| 942 ## - ADDED ENTRY ELEMENTS (KOHA) | |
| Suppress in OPAC | 0 |
| Withdrawn status | Lost status | Source of classification or shelving scheme | Damaged status | Not for loan | Home library | Current library | Shelving location | Date acquired | Total Checkouts | Full call number | Barcode | Date last seen | Copy number | Price effective from | Koha item type |
|---|---|---|---|---|---|---|---|---|---|---|---|---|---|---|---|
| Dewey Decimal Classification | London | London | Journal article | 05/04/2002 | ABS65254 | 117374-1001 | 06/08/2019 | 1 | 06/08/2019 | Journal article |